| 000 | 00600nam a2200205 i 4500 | ||
|---|---|---|---|
| 001 | 108564 | ||
| 003 | ES-MaACL | ||
| 005 | 20240125063138.0 | ||
| 007 | t| | ||
| 008 | 061121s1971 sp r ||||1| spa d | ||
| 100 | 1 |
_aMonleón, José, _d1927-2016 _982230 |
|
| 245 | 1 | 3 |
_aEl teatro de Max Aub / _cJosé Monleón. |
| 260 |
_aMadrid : _bTaurus, _c1971. |
||
| 300 |
_a145 p. ; _c18 cm. |
||
| 490 | 1 |
_aCuadernos Taurus ; _v104 |
|
| 600 | 1 | 4 |
_aAub, Max, _d1903-1972 _923783 |
| 830 | 0 |
_aCuadernos Taurus ; _v104 _9180748 |
|
| 852 |
_aES-MaACL _jC-40325 _bR.77216 |
||
| 999 |
_c108564 _d108564 |
||